000 00475nam a2200181Ia 4500
008 151018s9999 xx 000 0 und d
082 _bRBASDV18833
_a891.433
100 _aगुरुचरण
245 _aआत्मा
250 _b1
260 _bगुरु प्रकाशन
_c1983
300 _a200
600 _aगुरुचरण
630 _aआत्मा
700 _aगुरुचरण
730 _aआत्मा
942 _cBOOK
999 _c1019477
_d1019474